English Lyrics in Playing With Fire by Blackpink - Statistics

General Stats
  • This quiz has been taken 39 times
  • The average score is 72 of 93
Answer Stats
Answer % Correct
fire
100%
fire
100%
fire
100%
fire
100%
play
96%
play
96%
with
96%
with
96%
I
92%
I
92%
I
92%
is
92%
is
92%
is
92%
is
92%
me,
92%
me
92%
me,
92%
me,
92%
me
92%
me,
92%
no
92%
now
92%
Now
92%
now
92%
Now
92%
on
92%
on
92%
on
92%
on
92%
on
92%
on
92%
on
92%
on
92%
on
92%
and
88%
and
88%
and
88%
at
88%
at
88%
at
88%
at
88%
black,
88%
love
88%
love
88%
love
88%
love
88%
My
88%
My
88%
My
88%
My
88%
baby,
83%
baby,
83%
boy
79%
boy
79%
burn,
79%
burn
79%
burn,
79%
burn
79%
Look
79%
look
79%
Look
79%
look
79%
don't
75%
don't
75%
don't
75%
Oh,
75%
miss
71%
(ooh)
67%
(ooh)
67%
(ooh)
67%
(ooh)
67%
him,
63%
him?
63%
him
63%
Kiss
63%
So
63%
So
63%
but
54%
crack
54%
diss
54%
know,
54%
ah
46%
(oh-oh,
38%
oh-oh)
38%
(oh-oh,
38%
oh-oh)
38%
(oh-oh,
38%
oh-oh)
38%
(oh-oh,
38%
oh-oh)
38%
will
38%
hoo
13%
No matching quizzes found
Score Distribution
Percent of People with Each Score
Percentile by Number Answered
Your Score History
You have not taken this quiz